<?xml version="1.0" encoding="UTF-8"?>
<record
    xmlns:xsi="http://www.w3.org/2001/XMLSchema-instance"
    xsi:schemaLocation="http://www.loc.gov/MARC21/slim http://www.loc.gov/standards/marcxml/schema/MARC21slim.xsd"
    xmlns="http://www.loc.gov/MARC21/slim">

  <leader>02308nam a2200361 a 4500</leader>
  <controlfield tag="001"> </controlfield>
  <controlfield tag="003">DO-SdBNP</controlfield>
  <controlfield tag="005">20220118125207.0</controlfield>
  <controlfield tag="008">100122s2007    dr ad         001 0 spa d</controlfield>
  <datafield tag="020" ind1=" " ind2=" ">
    <subfield code="a">9789945130485</subfield>
  </datafield>
  <datafield tag="040" ind1=" " ind2=" ">
    <subfield code="a">DO-SdBNP</subfield>
    <subfield code="b">spa</subfield>
    <subfield code="c">BPMSU </subfield>
  </datafield>
  <datafield tag="082" ind1=" " ind2=" ">
    <subfield code="a">337.7293</subfield>
    <subfield code="b">I73i 2007</subfield>
    <subfield code="2">22</subfield>
  </datafield>
  <datafield tag="100" ind1="1" ind2=" ">
    <subfield code="a">Isa Contreras, P&#xE1;vel,</subfield>
    <subfield code="d">1968-</subfield>
  </datafield>
  <datafield tag="245" ind1="1" ind2="3">
    <subfield code="a">La inserci&#xF3;n de la Rep&#xFA;blica Dominicana a la econom&#xED;a internacional :</subfield>
    <subfield code="b">rese&#xF1;a hist&#xF3;rica y perspectiva anal&#xED;tica /</subfield>
    <subfield code="c">P&#xE1;vel Isa Contreras ; colaboraci&#xF3;n Miguel Ceara Hatton, Hecmilio Galv&#xE1;n ; pr&#xF3;logo Jos&#xE9; Luis Alem&#xE1;n.</subfield>
  </datafield>
  <datafield tag="260" ind1=" " ind2=" ">
    <subfield code="a">Santo Domingo :</subfield>
    <subfield code="b">CIECA,</subfield>
    <subfield code="c">2007</subfield>
  </datafield>
  <datafield tag="300" ind1=" " ind2=" ">
    <subfield code="a">113 p. :</subfield>
    <subfield code="b">il., gr&#xE1;fcs. ;</subfield>
    <subfield code="c">24 cm.</subfield>
  </datafield>
  <datafield tag="500" ind1=" " ind2=" ">
    <subfield code="a">Incluye datos biogr&#xE1;ficos del autor en la solapa de la cubierta</subfield>
  </datafield>
  <datafield tag="500" ind1=" " ind2=" ">
    <subfield code="a">Incluye referencias bibliogr&#xE1;ficas y notas al pie de las p&#xE1;ginas</subfield>
  </datafield>
  <datafield tag="504" ind1=" " ind2=" ">
    <subfield code="a">Bibliograf&#xED;a: p. 111-113</subfield>
  </datafield>
  <datafield tag="505" ind1="0" ind2=" ">
    <subfield code="g">Pr&#xF3;logo /</subfield>
    <subfield code="r">Jos&#xE9; Luis Alem&#xE1;n --</subfield>
    <subfield code="t">Introducci&#xF3;n --</subfield>
    <subfield code="t">De "La Era Dorada" a la globalizaci&#xF3;n neoliberal: cambios en el contexto internacional durante la segunda mitad del Siglo XX --</subfield>
    <subfield code="t">Tendencias a largo plazo del crecimiento econ&#xF3;mico en la Rep&#xFA;blica Dominicana --</subfield>
    <subfield code="t">La inserci&#xF3;n de la econom&#xED;a dominicana a la econom&#xED;a mundial hasta la Era de Trujillo --</subfield>
    <subfield code="t">Cambios en la inserci&#xF3;n internacional en el marco de la industrializaci&#xF3;n por Sustituci&#xF3;n de Importaciones (ISI) --</subfield>
    <subfield code="t">Crisis, reestructuraci&#xF3;n productiva y reinserci&#xF3;n en los ochenta --</subfield>
    <subfield code="t">La nueva inserci&#xF3;n internacional de la econom&#xED;a dominicana en los noventa --</subfield>
    <subfield code="t">Negociaciones internacionales: nueva modalidad de la pol&#xED;tica comercial --</subfield>
    <subfield code="t">Agotamiento de zonas francas y turismo: &#xBF;crisis o reinvenci&#xF3;n? --</subfield>
    <subfield code="t">Del multilateralismo al bilateralismo y al DR-CAFTA --</subfield>
    <subfield code="t">S&#xED;ntesis y conclusiones --</subfield>
    <subfield code="g">Bibliograf&#xED;a.</subfield>
  </datafield>
  <datafield tag="590" ind1=" " ind2=" ">
    <subfield code="a">Inventariado, 2022/VM</subfield>
  </datafield>
  <datafield tag="650" ind1=" " ind2="4">
    <subfield code="a">Econom&#xED;a internacional</subfield>
  </datafield>
  <datafield tag="650" ind1=" " ind2="4">
    <subfield code="a">Finanzas internacionales</subfield>
  </datafield>
  <datafield tag="650" ind1=" " ind2="4">
    <subfield code="a">Caribe (regi&#xF3;n)</subfield>
    <subfield code="x">Pol&#xED;tica econ&#xF3;mica</subfield>
  </datafield>
  <datafield tag="651" ind1=" " ind2="4">
    <subfield code="a">Rep&#xFA;blica Dominicana</subfield>
    <subfield code="x">Pol&#xED;tica comercial</subfield>
  </datafield>
  <datafield tag="651" ind1=" " ind2="4">
    <subfield code="a">Rep&#xFA;blica Dominicana</subfield>
    <subfield code="x">Condiciones econ&#xF3;micas</subfield>
  </datafield>
  <datafield tag="700" ind1="1" ind2=" ">
    <subfield code="a">Ceara-Hatton, Miguel</subfield>
    <subfield code="e">col.</subfield>
  </datafield>
  <datafield tag="700" ind1="1" ind2=" ">
    <subfield code="a">Galv&#xE1;n, Hecmilio,</subfield>
    <subfield code="e">col.</subfield>
  </datafield>
  <datafield tag="700" ind1="1" ind2=" ">
    <subfield code="a">Alem&#xE1;n, Jos&#xE9; Luis,</subfield>
    <subfield code="e">pr&#xF3;l.</subfield>
  </datafield>
  <datafield tag="710" ind1="2" ind2=" ">
    <subfield code="a">Centro de Investigaci&#xF3;n Econ&#xF3;mica para el Caribe</subfield>
  </datafield>
  <datafield tag="910" ind1=" " ind2=" ">
    <subfield code="a"> VMateo V. </subfield>
  </datafield>
  <datafield tag="942" ind1=" " ind2=" ">
    <subfield code="2">ddc</subfield>
    <subfield code="c">BK</subfield>
  </datafield>
  <datafield tag="952" ind1=" " ind2=" ">
    <subfield code="0">0</subfield>
    <subfield code="1">0</subfield>
    <subfield code="2">ddc</subfield>
    <subfield code="4">0</subfield>
    <subfield code="7">0</subfield>
    <subfield code="8">CD</subfield>
    <subfield code="a">BPMET</subfield>
    <subfield code="b">BPMET</subfield>
    <subfield code="d">2022-01-18</subfield>
    <subfield code="l">0</subfield>
    <subfield code="o">BPMSU CD 337.7293 I73i 2007</subfield>
    <subfield code="p">BPMSU22010041</subfield>
    <subfield code="r">2022-01-18</subfield>
    <subfield code="w">2022-01-18</subfield>
    <subfield code="y">BK</subfield>
  </datafield>
  <datafield tag="952" ind1=" " ind2=" ">
    <subfield code="0">0</subfield>
    <subfield code="1">0</subfield>
    <subfield code="2">ddc</subfield>
    <subfield code="4">0</subfield>
    <subfield code="7">0</subfield>
    <subfield code="8">CD</subfield>
    <subfield code="a">BPMET</subfield>
    <subfield code="b">BPMET</subfield>
    <subfield code="d">2022-01-18</subfield>
    <subfield code="l">0</subfield>
    <subfield code="o">BPMSU CD 337.7293 I73i 2007</subfield>
    <subfield code="p">BPMSU22010042</subfield>
    <subfield code="r">2022-01-18</subfield>
    <subfield code="t">e.2</subfield>
    <subfield code="w">2022-01-18</subfield>
    <subfield code="y">BK</subfield>
  </datafield>
  <datafield tag="952" ind1=" " ind2=" ">
    <subfield code="0">0</subfield>
    <subfield code="1">0</subfield>
    <subfield code="2">ddc</subfield>
    <subfield code="4">0</subfield>
    <subfield code="7">0</subfield>
    <subfield code="8">CD</subfield>
    <subfield code="a">BPMET</subfield>
    <subfield code="b">BPMET</subfield>
    <subfield code="d">2022-01-18</subfield>
    <subfield code="l">0</subfield>
    <subfield code="o">BPMSU CD 337.7293 I73i 2007</subfield>
    <subfield code="p">BPMSU26010071</subfield>
    <subfield code="r">2026-01-29</subfield>
    <subfield code="t">e.3</subfield>
    <subfield code="w">2022-01-18</subfield>
    <subfield code="y">BK</subfield>
  </datafield>
  <datafield tag="999" ind1=" " ind2=" ">
    <subfield code="c">13959</subfield>
    <subfield code="d">13959</subfield>
  </datafield>
</record>
